Around the World - Baghdad to Lagos - Statistics

General Stats
  • This quiz has been taken 62 times
  • The average score is 6 of 10
Answer Stats
Answer % Correct
{Persian} Gulf
96%
{Indian} Ocean
83%
{Tigris} River
75%
{Arabian} Sea
73%
{Indian} Ocean
60%
Strait of {Hormuz}
60%
Gulf of {Guinea}
58%
Gulf of {Oman}
56%
{Mozambique} Channel
38%
{Atlantic) Ocean
27%
No matching quizzes found
Score Distribution
Percent of People with Each Score
Percentile by Number Answered
Your Score History
You have not taken this quiz